Southville International School and Colleges
Your cart is empty.
  • Cart
  • Lists
    Public lists Eva Luna New books Lux_list list_1
    Your lists Log in to create your own lists
  • Log in to your account
  • Your cookies
  • Search history
Southville International School and Colleges
  • Advanced search
  • Recent comments
  • Most popular
  • Libraries

Log in to your account

Log in with GOOGLE


If you do not have an external account, but do have a local account, you can still log in:

  1. Home
  2. MARC view: The kite runner :
Normal view MARC view ISBD view

The kite runner : (Record no. 283913)

[ view plain ]
MARC details
000 -LEADER
fixed length control field 00792cam a2200253Ia 4500
003 - CONTROL NUMBER IDENTIFIER
control field PILC
005 - DATE AND TIME OF LATEST TRANSACTION
control field 20150508160110.0
008 - FIXED-LENGTH DATA ELEMENTS--GENERAL INFORMATION
fixed length control field 040427t20042003nyu 000 1 eng d
020 ## - INTERNATIONAL STANDARD BOOK NUMBER
International Standard Book Number 9781594480003
050 00 - LIBRARY OF CONGRESS CALL NUMBER
Classification number PS 3608.O525
Item number .K58 2005
100 1# - MAIN ENTRY--PERSONAL NAME
Personal name Hosseini, Khaled.
245 14 - TITLE STATEMENT
Title The kite runner :
Remainder of title a novel /
Statement of responsibility, etc Khaled Hosseini.
250 ## - EDITION STATEMENT
Edition statement 1st Riverhead trade pbk. ed.
260 ## - PUBLICATION, DISTRIBUTION, ETC. (IMPRINT)
Place of publication, distribution, etc New York :
Name of publisher, distributor, etc Riverhead Books,
Date of publication, distribution, etc 2005.
300 ## - PHYSICAL DESCRIPTION
Extent xii, 371 pages :
Dimensions 21 cm.
500 ## - GENERAL NOTE
General note "A San Francisco Chronicle Best Book of the Year"--Cover.
650 #0 - SUBJECT ADDED ENTRY--TOPICAL TERM
Topical term or geographic name as entry element Male friendship
Form subdivision Fiction.
650 #0 - SUBJECT ADDED ENTRY--TOPICAL TERM
Topical term or geographic name as entry element Social classes
Form subdivision Fiction.
650 #0 - SUBJECT ADDED ENTRY--TOPICAL TERM
Topical term or geographic name as entry element Betrayal
Form subdivision Fiction.
650 #0 - SUBJECT ADDED ENTRY--TOPICAL TERM
Topical term or geographic name as entry element Boys
Form subdivision Fiction.
651 #0 - SUBJECT ADDED ENTRY--GEOGRAPHIC NAME
Geographic name Kabul (Afghanistan)
Form subdivision Fiction.
651 #0 - SUBJECT ADDED ENTRY--GEOGRAPHIC NAME
Geographic name Afghanistan
Form subdivision Fiction.
942 ## - ADDED ENTRY ELEMENTS (KOHA)
Source of classification or shelving scheme Library of Congress Classification
Koha item type Books
Holdings
Withdrawn status Lost status Source of classification or shelving scheme Damaged status Home library Current library Shelving location Date acquired Source of acquisition Sub Shelving location Total Checkouts Total Renewals Full call number Barcode Date last seen Date checked out Price effective from Koha item type
    Library of Congress Classification   College Library College Library Fiction Section 05/08/2015 Library Fund   3 1 PS 3608.O525 .K58 2005 C19253 04/07/2025 03/26/2025 05/08/2015 Books

The kite runner :

APA

Hosseini K., . (2005). The kite runner. New York: Riverhead Books.

Chicago

Hosseini Khaled, . 2005. The kite runner. New York: Riverhead Books.

Harvard

Hosseini K., . (2005). The kite runner. New York: Riverhead Books.

MLA

Hosseini Khaled, . The kite runner. New York: Riverhead Books. 2005.

  • Place hold
  • Print
  • Cite
  • Add to your cart (remove)
  • Save record
    BIBTEX Dublin Core MARCXML MARC (non-Unicode/MARC-8) MARC (Unicode/UTF-8) MARC (Unicode/UTF-8, Standard) MODS (XML) RIS
  • More searches
    Search for this title in:
    Other Libraries (WorldCat) Other Databases (Google Scholar) Online Stores (Bookfinder.com) Open Library (openlibrary.org)

Exporting to Dublin Core...

SOUTHVILLE LIBRARY

Southville International School and Colleges Library

1281 Tropical Ave. Cor. Luxembourg St., BF Homes International, Las Pinas City

Tel. No. 8256374 / 252358 Loc. 117/146

Powered by Koha